| 000 | 00928cam a2200265 a 4500 | ||
|---|---|---|---|
| 001 | 000019589 | ||
| 005 | 20200929170052.0 | ||
| 008 | 760514s1967 sp 001 e spa d | ||
| 035 | _a(OCoLC)2177047 | ||
| 040 |
_aDO-SdBNP _cNcGrE _dDLC |
||
| 082 |
_a864.6 _bG216v |
||
| 100 | 1 |
_aGarcía y Bellido, Antonio, _d1903-1972 _942011 |
|
| 245 | 1 | 0 |
_aVeinticinco estampas de la España antigua / _cAntonio García y Bellido. |
| 260 |
_aMadrid : _bEspasa-Calpe, _c1967. |
||
| 300 |
_a219 p. ; _c18 cm. |
||
| 490 | 0 |
_aAustral. Marrón: ciencia y técnica. Clásicos de la ciencia _v1375 |
|
| 650 | 4 |
_aEnsayos españoles _93095 |
|
| 650 | 4 |
_aLiteratura española _9632 |
|
| 651 | 4 |
_aEspaña _xHistoria _98844 |
|
| 651 | 4 |
_aEspaña _xVida Social Y Costumbres _918614 |
|
| 830 | 0 |
_aAustral. _pMarrón: ciencia y técnica. Clásicos de la ciencia; _v1375 _942012 |
|
| 910 | _aCatalogación derivada / LC | ||
| 910 | _aWM | ||
| 049 | _aBNGR | ||
| 999 |
_c19105 _d19105 |
||